| 000 | 00387nam a22001697a 4500 | ||
|---|---|---|---|
| 005 | 20160617160108.0 | ||
| 008 | 160617b xxu||||| |||| 00| 0 eng d | ||
| 020 | _a81-203-2617-2 | ||
| 041 | _aeng | ||
| 082 | _b8023 | ||
| 100 |
_aForgang, William G _92141 |
||
| 245 | _aStrategy Specitic Decision | ||
| 260 |
_bPHI _c2004 |
||
| 300 | _a177 | ||
| 650 |
_aManagement _9241 |
||
| 942 | _cBK | ||
| 999 |
_c2992 _d2991 |
||